000 01278cam a22003374i 4500
999 _c1321
_d1321
001 18582662
003 OSt
005 20221228122443.0
008 150418s2016 mnua 000 0 eng
010 _a 2015010533
020 _a9781491439296 (pbk.)
040 _aDLC
_beng
_cDLC
_erda
_dDLC
042 _apcc
082 0 0 _a394.1 LOE
_223
100 1 _aLoewen, Nancy,
_d1964-
_eAuthor
245 1 0 _aFood of the world /
_cby Nancy Loewen and Paula Skelley.
264 1 _aNorth Mankato, Minnesota :
_bCapstone Press, a Capstone imprint,
_c[2016]
300 _a32 pages :
_bcolor illustrations ;
_c27 cm.
336 _atext
_btxt
_2rdacontent
337 _aunmediated
_bn
_2rdamedia
338 _avolume
_bnc
_2rdacarrier
490 0 _aA+ books. Go go global
520 _a"Celebrates diversity as it introduces different kinds of food from around the world with full-color photographs and rhyming text"--
_cProvided by publisher.
521 _aK to Grade 3.
650 0 _aFood habits
_vJuvenile literature.
650 0 _aFood habits
_vCross-cultural studies.
700 1 _aSkelley, Paula.
_eAuthor
906 _a7
_bcbc
_corignew
_d1
_eecip
_f20
_gy-gencatlg
942 _2ddc
_cNFIC